Sports Quiz

Random Sports or Food Quiz

Sports by Cupcake Quiz Stats

Quiz Updated Aug 8, 2015

Also try: Movie By Cupcake
Challenge
Share
Tweet
Score 0/30 Timer 08:00
0 Plays Today
% Correct
Soccer
99.8%
Basketball
98.8%
American Football
98.2%
Baseball
97.9%
Golf
97%
Surfing
96.9%
Bowling
96.8%
Ice Hockey
96.7%
Boxing
96.4%
Karate
95.9%
Weightlifting
95.9%
Tennis
95.3%
Cycling
95.2%
Chess
94.9%
Pool
94.6%
% Correct
Archery
94%
Sumo Wrestling
93.9%
Darts
93.7%
Table Tennis
93.7%
Skiing
92.8%
Volleyball
92.5%
Gymnastics
91.5%
Rowing
91.2%
Water Polo
90.4%
Lacrosse
88.1%
Cricket
88.1%
Badminton
86%
Rodeo
85.8%
Auto Racing
81.9%
Triathlon
81.8%

You're not logged in!

Compare scores with friends on all Sporcle quizzes.
Join for Free
OR
Log In

You Might Also Like...

Show Comments

Extras

Top Quizzes Today


Score Distribution

Your Account Isn't Verified!

In order to create a playlist on Sporcle, you need to verify the email address you used during registration. Go to your Sporcle Settings to finish the process.

Report this User

Report this user for behavior that violates our Community Guidelines.

Details: